Constitución política de Nicaragua

Bibliographic Details
Main Author: Asamblea Nacional de Nicaragua.
Format: Section = Libro
Language:Undetermined
Spanish
Published: Managua Hispamer 2011
Edition:3a.ed.
Subjects:
LEADER 00644nam a2200229Ia 4500
008 240829s9999 xx 000 0 und d
020 |a 978-99924-79-22 
040 |a BIBLIOTECA-RUSB/ Ref 342.02 A798 
041 |a spa 
082 |a Ref 342.02 A798 
100 1 |a Asamblea Nacional de Nicaragua.  
245 1 0 |a Constitución política de Nicaragua 
250 |a 3a.ed. 
260 |a Managua  |b Hispamer  |c 2011 
300 |a 144 p. :il. 
650 7 |a NICARAGUA - CONSTITUCIÓN 
650 7 |b  DERECHO CONSTÍTUCIONAL 
650 7 |c  AMPARO RECURSO - NICARAGUA 
650 7 |d  LEY MARCIAL - NICARAGUA 
942 |c BK  |2 ddc 
991 |a TEXTO 
999 |c 5816